000 00412nam a2200169Ia 4500
005 20240921143910.0
008 240921s9999||||xx |||||||||||||| ||und||
041 _aENGLISH
082 _A620.106 P6
100 _aEsposito,Anthony
245 0 _aFluid Power with Applications
250 _a4th
260 _c2006
_bTata Mcgraw Hill,New
650 _aFluid Power
_bMechanical
942 _cBB
999 _c248723
_d248723